000 00630nam a2200181Ia 4500
008 100920s9999 xx 000 0 und d
082 _b59256
_a320 थ 86
100 _aखाडिलकर नीलकंठ.
245 _aएक विरुध्द 99 टक्के.
260 _bसंबोधि प्रकाशन, मुंबई.
_c1986
300 _a131
_bसाधी
365 _b20
520 _aराजकारण.
630 _aएक विरुध्द 99 टक्के.
650 _aराजकारण.
730 _aएक विरुध्द 99 टक्के.
942 _cBOOK
999 _c702703
_d702700